Statistiques concernant Culture Générale - Série 1485

Cliquez ici pour prendre le quiz!

Statistiques générales

  • Ce quiz a été pris 45 fois
  • Le résultat moyen est 6 sur 10

Statistiques - réponses

QuestionRéponse% Correct
Combien de lignes composent une portée musicale ?5
98%
Quelle partie du dessous de la chaussure désigne aussi une viande trop cuite ?semelle
93%
Le 4 juillet 2009, en finale de Wimbledon, Serena Williams était opposée à sa soeur prénommée...Venus
81%
Quel écrivain français est l'auteur de l'oeuvre "A la recherche du temps perdu" ?Marcel Proust
74%
Quelle célèbre actrice et chanteuse de music-hall américaine,prénommée Liza, héroïne du film "New York, New York" en 1977, est la fille de Judy Garland ?Liza Minnelli
58%
Quel nom porte le principal dieu de la mythologie scandinave ?Odin
53%
Dans quel département peut-on visiter à la fois les châteaux de Chenonceaux et d'Azay-le-Rideau ?Indre-et-Loire
49%
En 1995, dans quel film de Mathieu Kassovitz, Vincent Cassel, Hubert Koundé et Saïd Taghmaoui ont-ils été réunis ?La Haine
49%
En 2002, dans quel film Gérard Jugnot incarne-t-il un boucher qui, sous l'Occupation, sauve la vie d'un enfant juif ?Monsieur Batignole
23%
Quelle déesse romaine est assimilée à Déméter par les Grecs ?Cérès
19%

Distribution des résultats

Percentile par nombre de réponses

% des personnes avec chaque résultat

Votre développement - résultats

Vous n’avez pas pris ce quiz